Religious Education

Saved in:  
Bibliographic Details
Main Author: Reardon, Betty 1929- (Author)
Format: Print Article
Language:English
Check availability: HBZ Gateway
Interlibrary Loan:Interlibrary Loan for the Fachinformationsdienste (Specialized Information Services in Germany)
Published: 1990
In: Learning to build a peaceful world
Year: 1990, Pages: 50-62

MARC

LEADER 00000caa a22000002c 4500
001 1907156186
003 DE-627
005 20241031035654.0
007 tu
008 241030s1990 xx ||||| 00| ||eng c
020 |a 0830905782 
035 |a (DE-627)1907156186 
035 |a (DE-599)KXP1907156186 
040 |a DE-627  |b ger  |c DE-627  |e rda 
041 |a eng 
084 |a 0  |2 ssgn 
100 1 |e VerfasserIn  |0 (DE-588)122127811  |0 (DE-627)08175339X  |0 (DE-576)171657241  |4 aut  |a Reardon, Betty  |d 1929- 
109 |a Reardon, Betty 1929-  |a Reardon, Elizabeth 1929-  |a Reardon, Betty A. 1929- 
245 1 0 |a Religious Education 
264 1 |c 1990 
336 |a Text  |b txt  |2 rdacontent 
337 |a ohne Hilfsmittel zu benutzen  |b n  |2 rdamedia 
338 |a Band  |b nc  |2 rdacarrier 
773 0 8 |i Enthalten in  |t Learning to build a peaceful world  |d Independence, Mo. : Herald Publ. House, 1990  |g (1990), Seite 50-62  |h 72 S.  |w (DE-627)1601705972  |w (DE-576)025531506  |z 0830905782  |7 nnam 
773 1 8 |g year:1990  |g pages:50-62 
935 |a mteo 
951 |a AR 
ELC |b 1 
ITA |a 1  |t 1 
LOK |0 000 xxxxxcx a22 zn 4500 
LOK |0 001 4608293079 
LOK |0 003 DE-627 
LOK |0 004 1907156186 
LOK |0 005 20241030032914 
LOK |0 008 241030||||||||||||||||ger||||||| 
LOK |0 035   |a (DE-Tue135)1601705972_1990_50 
LOK |0 040   |a DE-Tue135  |c DE-627  |d DE-Tue135 
LOK |0 092   |o n 
LOK |0 852   |a DE-Tue135 
LOK |0 852 1  |9 00 
LOK |0 935   |a imwa  |a ixau  |a rwrk 
LOK |0 939   |a 30-10-24  |b l01 
ORI |a SA-MARC-ixtheoa001.raw 
REL |a 1 
SUB |a REL